Taylor Swift - Paroles The Smallest Man Who Ever Lived - Statistiques

Statistiques générales
  • Ce quiz a été pris 344 fois
  • Le résultat moyen est 272 sur 313
Statistiques - réponses
Hint Réponse % Correct
a
100%
A
100%
I
100%
me
100%
Who
100%
who
100%
You
100%
you
100%
you,
100%
an
99%
Refrain And
99%
and
99%
Did
99%
did
99%
ever
99%
lived?
99%
lived
99%
man
99%
smallest
99%
the
99%
The
99%
some
98%
want
98%
we
98%
be
97%
In
97%
in
97%
our
97%
someone
97%
Bridge Were
97%
were
97%
bed?
96%
but
96%
But
96%
by
96%
gun
96%
it
96%
sleep
96%
to
96%
wanted
96%
with
96%
dead?
95%
Couplet 1 Was
95%
was
95%
your
95%
of
94%
on
94%
my
93%
what
93%
for
92%
sent
92%
underneath
92%
just
91%
'Cause
90%
don't
90%
message
90%
spy?
90%
50
89%
deserve
89%
get
89%
know
89%
prison,
89%
this
89%
true?
89%
years,
89%
all
88%
any
88%
book?
88%
give
88%
I'll
88%
that
88%
confess
87%
"Good
87%
had,
87%
had
87%
never
87%
won't
87%
back,
86%
could
86%
forget
86%
inside
86%
sexy
86%
why
86%
you'll
86%
You'll
86%
died
85%
forbidden
85%
forgive
85%
girls
85%
morning
85%
say,
85%
boring
84%
fuck
84%
guy?
84%
Instead,
84%
mine
84%
miss
84%
time
84%
are
83%
goal
83%
gone
83%
said
83%
wasn't
83%
writing
83%
friend
82%
like
82%
normal
82%
sins
82%
If
81%
riddance"
81%
declassified?
80%
even
80%
once
80%
party
80%
would've
80%
From
79%
will
79%
crashed
78%
buy
77%
They
77%
tried
77%
you're
77%
friends
76%
pills
76%
sparkling
76%
feels
75%
summer
75%
Now
74%
car
72%
ghosted
72%
performing
72%
cell
71%
still
71%
off
70%
sleeper
70%
stage
70%
at
69%
didn't
68%
inboxes
68%
into
68%
queen
67%
rental
67%
suit
67%
bars
66%
measure
66%
rusting
66%
up
66%
kicked
65%
out
65%
her
63%
wall
63%
come
61%
slide
61%
treat
61%
through
60%
lights
59%
Witness
59%
eyed
58%
Gazing
58%
hid
58%
public,
57%
showed
55%
starry
55%
slip
53%
plain
49%
sight
48%
also
44%
hung
44%
push
44%
ran
44%
Stabbed
44%
Then
43%
Jehovah's
42%
pins
39%
oblivion
32%
sank
23%
stoned
21%
Aucun quiz correspondant
Distribution des résultats
% des personnes avec chaque résultat
Percentile par nombre de réponses
Votre historique - résultats
Vous n’avez pas pris ce quiz